Представление документа в формате MARC21

ПолеНазваниеЗначение
  Тип записи a
  Библиографический уровень m
001 Контрольный номер RU\infra-m\znanium\bibl\2253869
005 Дата корректировки 20260429142058.3
008 Кодируемые данные 260409s2026 RU g rus u
020 Индекс ISBN __
a ISBN 978-5-908083-42-3
040 Источник каталогиз. __
a Служба первич. каталог. Общество с ограниченной ответственностью «ЗНАНИУМ»
041 Код языка издания __
a Код языка текста rus
044 Код страны публикации __
a Код страны публикации RU
080 Индекс УДК __
a Индекс УДК 618
084 Индекс другой классификации/Индекс ББК __
2 Источник индекса rubbk
a Индекс другой классификации/Индекс ББК 571
084 Индекс другой классификации/Индекс ББК __
2 Источник индекса okso
a Индекс другой классификации/Индекс ББК 30.05.01
084 Индекс другой классификации/Индекс ББК __
2 Источник индекса okso
a Индекс другой классификации/Индекс ББК 30.05.02
084 Индекс другой классификации/Индекс ББК __
2 Источник индекса okso
a Индекс другой классификации/Индекс ББК 31.05.01
084 Индекс другой классификации/Индекс ББК __
2 Источник индекса okso
a Индекс другой классификации/Индекс ББК 31.08.01
084 Индекс другой классификации/Индекс ББК __
2 Источник индекса okso
a Индекс другой классификации/Индекс ББК 32.05.01
084 Индекс другой классификации/Индекс ББК __
2 Источник индекса okso
a Индекс другой классификации/Индекс ББК 33.05.01
100 Автор __
a Автор Доброхотова Ю.Э.
q Полное имя Доброхотова Юлия Эдуардовна.
245 Заглавие __
a Заглавие Методическое пособие к практическим занятиям по акушерству для студентов
b Продолж. заглавия Учебно-методическая литература
250 Сведения об издании __
a Основные сведения об издании 1
260 Выходные данные __
a Место издания Чебоксары
b Издательство ООО "Издательский дом "Среда"
c Дата издания 2026
300 Физическое описание __
a Объем 101 с.
520 Аннотация __
a Аннотация Учебно-методическое пособие разработанное сотрудниками кафедры акушерства и гинекологии медицинского факультета составлено на основе примерных и рабочих программ по дисциплине «Акушерство и гинекология» предусматривающих подготовку врачей общей практики обладающих определенными знаниями навыками и умениями в данной области акушерства и гинекологии и с учетом дальнейшего обучения и профессиональной деятельности по специальности «Общая медицина». Целью занятий по акушерству на четвертом курсе является изучение основных клинико-физиологических особенностей женской репродуктивной системы процессов происходящих в организме женщины при физиологической беременности; процесса нормальных родов физиологического послеродового периода; основных и дополнительных методов обследования беременных женщин женщин в роды и послеродовой период принципы лечения и неотложной помощи. Студенты должны овладеть принципами обследования пациенток научиться распознавать на основе изучения анамнеза и объективного осмотра физиологические и патологические процессы связанные с репродуктивной функцией своевременно обращаться к специалисту и при необходимости оказывать неотложную помощь в типичной акушерской ситуации. В пособии представлен план ведения истории родов список основной и дополнительной литературы по специальности. Пособие рекомендуется студентам 4-5 курсов лечебного факультета медицинских учреждений высшего профессионального образования.
521 Примеч. о цел. назн. __
a Примеч. о целев. назн. ВО - Специалитет
650 Тематические рубрики __
a Основная рубрика Медицина. Фармакология
x Основная подрубрика Гинекология. Акушерство
655 Указ. предметных рубрик (устаревшее) __
a Жанр/ форма (устаревшее) Учебно-методическая литература
700 Другие авторы __
a Другие авторы Ильина И.Ю.
q Полное имя Ильина Ирина Юрьевна
u Дополнение Российский национальный исследовательский медицинский университет им. Н.И. Пирогова
700 Другие авторы __
a Другие авторы Озолиня Л.А.
q Полное имя Озолиня Людмила Анатольевна
u Дополнение Российский национальный исследовательский медицинский университет им. Н.И. Пирогова
700 Другие авторы __
a Другие авторы Бахарева И.В.
q Полное имя Бахарева Ирина Викторовна
u Дополнение Российский национальный исследовательский медицинский университет им. Н.И. Пирогова
700 Другие авторы __
a Другие авторы Керчелаева С.Б.
q Полное имя Керчелаева Светлана Борисовна
u Дополнение Российский национальный исследовательский медицинский университет им. Н.И. Пирогова
700 Другие авторы __
a Другие авторы Козлов П.В.
q Полное имя Козлов Павел Васильевич
700 Другие авторы __
a Другие авторы Себко Т.В.
q Полное имя Себко Татьяна Васильевна
u Дополнение Российский национальный исследовательский медицинский университет им. Н.И. Пирогова
700 Другие авторы __
a Другие авторы Иванников Н.Ю.
q Полное имя Иванников Николай Юрьевич
u Дополнение Российский национальный исследовательский медицинский университет им. Н.И. Пирогова
700 Другие авторы __
a Другие авторы Митрофанова Н. А.
q Полное имя Митрофанова Надежда Александровна
700 Другие авторы __
a Другие авторы Бурденко М.В.
q Полное имя Бурденко Марина Владимировна
u Дополнение Российский национальный исследовательский медицинский университет им. Н.И. Пирогова
700 Другие авторы __
a Другие авторы Романовская В.В.
q Полное имя Романовская Валентина Валерьевна
700 Другие авторы __
a Другие авторы Кузнецов П.А.
q Полное имя Кузнецов Павел Андреевич
u Дополнение Российский национальный исследовательский медицинский университет им. Н.И. Пирогова
700 Другие авторы __
a Другие авторы Тягунова А.В.
q Полное имя Тягунова Анна Владимировна
u Дополнение Российский национальный исследовательский медицинский университет им. Н.И. Пирогова
700 Другие авторы __
a Другие авторы Чарчоглян А.А.
q Полное имя Чарчоглян Анжелина Арцвиковна
u Дополнение Российский национальный исследовательский медицинский университет им. Н.И. Пирогова
700 Другие авторы __
a Другие авторы Хейдар Л.Х.
q Полное имя Хейдар Лейла Хусейновна
700 Другие авторы __
a Другие авторы Хлынова С.А.
q Полное имя Хлынова Светлана Анатольевна
u Дополнение Российский национальный исследовательский медицинский университет им. Н.И. Пирогова
700 Другие авторы __
a Другие авторы Калиматова Д.М.
q Полное имя Калиматова Донна Магомедовна
u Дополнение Российский национальный исследовательский медицинский университет им. Н.И. Пирогова
856 Электронный адрес документа 4_
a Имя сервера/домена znanium.ru
m Помощь ebs_support@infra-m.ru
n Местонахождение сервера НИЦ ИНФРА-М
u URL https://znanium.ru/catalog/document?id=481336
856 Электронный адрес документа 48
a Имя сервера/домена znanium.ru
d Путь /cover/2253
f Электронное имя 2253869.jpg
q Тип электронного формата image/jpeg
u URL https://znanium.ru/cover/2253/2253869.jpg
911 __
u 0030=https://znanium.ru/catalog/document?id=481336